000 00598nam a2200241Ia 4500
005 20260320201201.0
008 008 262003s9999 xx 000 0 eng d
037 _aEBOOK
040 _aCRL
040 _beng
040 _cCRL
041 _2eng
041 _aeng
084 _qCRL
100 _aNaqvi
245 0 _aArtificial Intelligence for Asset Management and Investment: A Strategic Perspective
260 _bIEEE
260 _c2021
856 _uhttps://ieeexplore.ieee.org/servlet/opac?bknumber=10950341
942 _cEBOOK
999 _c1719453
_d1719453